| 000 | 01126cam8a220030100 4500 | ||
|---|---|---|---|
| 999 |
_c8292 _d8292 |
||
| 001 | zam00002239 | ||
| 003 | OSt | ||
| 005 | 20200820091009.0 | ||
| 008 | 951128s1980 xx eng u | ||
| 035 | _a(Sirsi) r19618 | ||
| 035 | _a(MACHINE)SLC. | ||
| 040 | _cCIP | ||
| 100 |
_aSolomows, T. W. _6A80558.1 |
||
| 245 | 1 | 0 | _aOrganic chemistry. |
| 260 | _c1980. | ||
| 856 |
_uhttps://www.pdfdrive.com/organic-chemistry-10th-edition-e163230838.html _yElectronic Access _z10th edition |
||
| 900 |
_8QD251.2 _c9 |
||
| 942 |
_2lcc _cE-RESOURCE |
||
| 949 |
_aQD251.2 _wlcc _i-17634 _mMAIN _tBOOK _lON-SHELF |
||
| 949 |
_aQD251.2 _wlcc _i-17635 _mMAIN _tBOOK _lON-SHELF |
||
| 949 |
_aQD251.2 _wlcc _i-17636 _mMAIN _tBOOK _lON-SHELF |
||
| 949 |
_aQD251.2 _wlcc _i-17637 _mMAIN _tBOOK _lON-SHELF |
||
| 949 |
_aQD251.2 _wlcc _i-17638 _mMAIN _tBOOK _lON-SHELF |
||
| 949 |
_aQD251.2 _wlcc _i-17639 _mMAIN _tBOOK _lON-SHELF |
||
| 949 |
_aQD251.2 _wlcc _i-17640 _mMAIN _tBOOK _lON-SHELF |
||
| 949 |
_aQD251.2 _wlcc _i-17641 _mMAIN _tBOOK _lON-SHELF |
||
| 949 |
_aQD251.2 _wlcc _i-17642 _mMAIN _tBOOK _lON-SHELF |
||